guess the lana del rey song pt 9 - Statistics

General Stats
  • This quiz has been taken 198 times
  • The average score is 163 of 275
Answer Stats
Answer % Correct
i
99%
you
96%
a
94%
love
89%
the
87%
to
87%
me
80%
your
77%
do
75%
and
74%
we
74%
it
72%
in
71%
be
70%
on
68%
can
67%
go
66%
who
65%
my
64%
so
62%
im
61%
like
61%
youre
61%
at
60%
want
60%
hate
58%
have
58%
that
57%
let
56%
us
56%
if
55%
light
55%
dont
54%
baby
53%
know
53%
up
53%
wanna
53%
cause
52%
back
51%
again
48%
look
48%
come
47%
girl
47%
need
47%
some
47%
this
47%
get
45%
just
45%
one
45%
say
44%
three
43%
time
43%
turn
43%
got
42%
over
42%
pick
42%
somethin
42%
ask
41%
quarter
41%
door
40%
eat
40%
every
40%
never
40%
nothin
40%
put
39%
two
38%
around
37%
dress
37%
fun
37%
bed
36%
our
36%
sleep
36%
gonna
35%
ooh
35%
yelling
35%
drunk
34%
song
34%
how
33%
kinda
33%
life
33%
night
33%
stop
33%
drive
32%
under
32%
acting
31%
already
31%
candles
29%
lie
29%
theres
29%
usually
29%
beatles
28%
much
28%
should
28%
smile
28%
wake
28%
home
26%
tv
26%
shinin
25%
head
24%
tight
24%
songs
23%
maybe
22%
write
22%
flowers
21%
record
21%
ridin
21%
screw
21%
other
20%
vase
20%
undercoat
10%
No matching quizzes found
Score Distribution
Percent of People with Each Score
Percentile by Number Answered
Your Score History
You have not taken this quiz